INTERNET & WORLD WIDE WEB/ HOW TO PROGRAM (Record no. 22880)
[ view plain ]
| 000 -LEADER | |
|---|---|
| fixed length control field | 00313nam a22001337a 4500 |
| 008 - FIXED-LENGTH DATA ELEMENTS--GENERAL INFORMATION | |
| fixed length control field | 170808b xxu||||| |||| 00| 0 eng d |
| 020 ## - INTERNATIONAL STANDARD BOOK NUMBER | |
| International Standard Book Number | 9780131450912 |
| 041 ## - LANGUAGE CODE | |
| Language code of text/sound track or separate title | eng |
| 080 ## - UNIVERSAL DECIMAL CLASSIFICATION NUMBER | |
| Edition identifier | 3RD |
| Universal Decimal Classification number | 004 |
| 100 ## - Rafti | |
| Rafti | 34 |
| 101 ## - Shkurtesa | |
| Shkurtesa | SHKI |
| 245 ## - TITLE STATEMENT | |
| Title | INTERNET & WORLD WIDE WEB/ HOW TO PROGRAM |
| Statement of responsibility, etc | DEITEL |
| 942 ## - ADDED ENTRY ELEMENTS (KOHA) | |
| Source of classification or shelving scheme | |
| Item type | Books |
| Withdrawn status | Lost status | Source of classification or shelving scheme | Damaged status | Not for loan | Collection code | Permanent location | Current location | Shelving location | Date acquired | Total Checkouts | Full call number | Barcode | Date last seen | Price effective from | Koha item type |
|---|---|---|---|---|---|---|---|---|---|---|---|---|---|---|---|
| Koleksioni i përgjithshem | UBT - Lipjan | UBT - Lipjan | Koleksioni i përgjithshem | 08/08/2017 | 004 DEI | 002-2910332 | 08/08/2017 | 08/08/2017 | Books | ||||||
| Koleksioni i përgjithshem | UBT - Lipjan | UBT - Lipjan | Koleksioni i përgjithshem | 08/08/2017 | 004 DEI | 002-2910331 | 08/08/2017 | 08/08/2017 | Books | ||||||
| Koleksioni i përgjithshem | UBT - Lipjan | UBT - Lipjan | Koleksioni i përgjithshem | 08/08/2017 | 004 DEI | 002-2910330 | 08/08/2017 | 08/08/2017 | Books |